000 00482nam a2200193Ia 4500
005 20251020182517.0
008 200515s9999 xx 000 0 und d
082 _a666.967.2/S21
100 _aSAN BARTOLOME, Angel DEL AGUILA, Ricardo
245 0 _aComportamiento sísmico de los paneles drywall
260 _aLima
260 _c2001
500 _a1 ejemplar
650 _aDISEÑO SISMORESISTENTE
650 _aDRYWALL
650 _aLIB
650 _aPANELES
942 _cLIB
999 _c1611
_d1611